00248nam a2200109Ia 4500008004100000100002200041245002100063250000800084260003000092300000800122650000800130191201s2009 xx 000 0 und d aTROCHIM, William  0aResearch Methods aRep aN. DelhibBiztantrac2009 a363 aBBA